| 000 | 00910nam a2200253 a 4500 | ||
|---|---|---|---|
| 008 | |||
| 020 | _a086341060X (cased) | ||
| 049 | _aMAIN | ||
| 090 |
_aHD9685 _bPOU |
||
| 100 | 1 | _aPoulter, J.D. | |
| 245 | 1 | 3 |
_aAn early history of electricity supply : _bthe story of the electric light in Victorian Leeds / _cJ.D. Poulter. |
| 260 |
_aLondon : _bPeter Peregrinus on behalf of the Institution of Electrical Engineers, _c1986. |
||
| 300 |
_ax, 212 p. : _bill. ; _c24 cm. |
||
| 440 |
_aIEE history of technology series ; _v5 |
||
| 440 | 0 |
_aHistory of technology series ; _v5. |
|
| 504 | _aIncludes bibliographical references. | ||
| 500 | _aIncludes index. | ||
| 650 | 0 |
_aElectric lighting _zEngland _zLeeds _xHistory _y19th century. |
|
| 907 |
_a.b10053256 _b13-09-12 _c17-04-03 |
||
| 003 | |||
| 005 | 20230123133228.0 | ||
| 040 | _cNUST | ||
| 942 |
_cBOOKS _kHD9685 _mPOU |
||
| 999 |
_c144969 _d144969 |
||